Old Soccer Badges #2 - Statistics

General Stats
  • This quiz has been taken 105 times
  • The average score is 11 of 16
Answer Stats
Picture Answer % Correct
Atlético Madrid
93%
Celtic
93%
Brighton & Hove Albion
92%
Lazio
92%
Napoli
90%
Aston Villa
89%
Feyenoord
89%
Milan
85%
Legia Warszawa
66%
Eintracht Frankfurt
60%
Lille OSC
55%
Everton
49%
Atalanta
40%
Steaua Bucharest
39%
Olympique Lyonnais
34%
Sporting CP
15%
No matching quizzes found
Score Distribution
Percent of People with Each Score
Percentile by Number Answered
Your Score History
You have not taken this quiz